La función económica del encomendero en los orígenes del régimen colonial : Nueva España, 1525-1531 /

Historia de la encomienda en la Epoca Colonial de México, la cual se puede distinguir por dos aspectos: el señorío feudal y el repartimiento capitalista por parte de los encomenderos.

Guardado en:
書目詳細資料
主要作者: Miranda, José (autor)
格式: 圖書
語言:西班牙语
出版: México : UNAM, Instituto de Investigaciones Estéticas, 1965, c1965
叢編:(Instituto de Investigaciones Estéticas. Cuadernos, Serie Historia ; 12)
主題:
標簽: 添加標簽
沒有標簽, 成為第一個標記此記錄!

MARC

LEADER 00000nam^a2200000^a^4500
001 000121204
005 20250521000000.0
009 20260310094419.91
037 |a Acervo ITESO - Biblioteca 
041 |a ESP 
082 |a 972. 03  |b MIR 
100 |a Miranda, José  |e (autor) 
245 1 3 |a La función económica del encomendero en los orígenes del régimen colonial :  |b Nueva España, 1525-1531 /  |c J. Miranda. 
264 4 |a México :  |b UNAM, Instituto de Investigaciones Estéticas,  |c 1965, c1965 
300 |a 51 p. 
336 |a texto  |b txt  |2 rdacontenido 
337 |a sin mediación  |b n  |2 rdamedio 
338 |a volumen  |b nc  |2 rdasoporte 
440 1 |a (Instituto de Investigaciones Estéticas.  |p Cuadernos, Serie Historia ;  |v 12) 
520 |a Historia de la encomienda en la Epoca Colonial de México, la cual se puede distinguir por dos aspectos: el señorío feudal y el repartimiento capitalista por parte de los encomenderos. 
649 |a XX 
650 |a Feudalismo -  |z México -  |x Historia -  |y Epoca Colonial, 1517-1821 
650 |a Encomienda -  |z México -  |x Historia -  |y Epoca Colonial, 1517-1821 
650 |a Indígenas de México -  |x Historia -  |y Epoca Colonial, 1517-1821 
650 |a Esclavitud -  |z México -  |x Historia -  |y Epoca Colonial, 1517-1821 
650 |a Economía -  |z México -  |x Historia -  |y Epoca Colonial, 1517-1821 
650 |a Derecho -  |z México -  |x Historia -  |y Epoca Colonial, 1517-1821 
650 |a México -  |x Historia -  |y Epoca Colonial, 1517-1821 
910 |a Fondo Salvador Reynoso Reynoso 
920 |a Impresos - Libros 
930 |a Fondos Especiales 
905 |a 112 
901 |a 0800006060  |b IT2  |c ESP  |u 20250521 
902 |a https://opac.biblio.iteso.mx/vufind/Record/000121204